[Event "Oberliga Ost-A 1516"]
[Site "Germany"]
[Date "2016.01.17"]
[Round "7.6"]
[White "Porschberg, Thomas"]
[Black "Graf, Roland"]
[Result "1/2-1/2"]
[WhiteElo "1965"]
[BlackElo "2163"]
[PlyCount "50"]
[EventDate "2015.09.20"]
[EventType "team-tourn"]
[EventRounds "11"]
[EventCountry "GER"]
[SourceTitle "EXT 2017"]
[Source "ChessBase"]
[SourceDate "2016.10.25"]
[SourceVersion "1"]
[SourceVersionDate "2016.10.25"]
[SourceQuality "1"]
[WhiteTeam "Bannewitz"]
[BlackTeam "Hoyerswerda"]
[WhiteTeamCountry "GER"]
[BlackTeamCountry "GER"]

1. e4 e6 2. d4 d5 3. exd5 exd5 4. Nf3 Nc6 5. Bd3 Bd6 6. 0-0 Nge7 7. Bg5 Bg4 8. c3 Qd7 9. Nbd2 f6 10. Bh4 0-0-0 11. Bg3 g5 12. Qa4 Kb8 13. Bxd6 Qxd6 14. b4 Ng6 15. Rfe1 Bd7 16. b5 Nce7 17. Nb3 Nf4 18. Bf1 Nc8 19. Nc5 Bf5 20. Nd2 h5 21. Ndb3 Nb6 22. Qb4 Rde8 23. Na5 Bc8 24. Qb2 Ka8 25. Qd2 h4 1/2-1/2

[Event "Oberliga Ost-A 1516"]
[Site "Germany"]
[Date "2015.12.13"]
[Round "5.5"]
[White "Porschberg, Thomas"]
[Black "Kuna, Ralf Michael"]
[Result "1/2-1/2"]
[WhiteElo "1965"]
[BlackElo "2138"]
[PlyCount "60"]
[EventDate "2015.09.20"]
[EventType "team-tourn"]
[EventRounds "11"]
[EventCountry "GER"]
[SourceTitle "EXT 2017"]
[Source "ChessBase"]
[SourceDate "2016.10.25"]
[SourceVersion "1"]
[SourceVersionDate "2016.10.25"]
[SourceQuality "1"]
[WhiteTeam "Bannewitz"]
[BlackTeam "Magdeburg Rochade"]
[WhiteTeamCountry "GER"]
[BlackTeamCountry "GER"]

1. e4 c6 2. d4 d5 3. exd5 cxd5 4. Bd3 Nc6 5. c3 Nf6 6. Bf4 g6 7. Nd2 Bf5 8. Bxf5 gxf5 9. Ngf3 e6 10. Qe2 Bd6 11. Bxd6 Qxd6 12. Ne5 Nd7 13. Nd3 h5 14. Nf3 0-0-0 15. 0-0-0 h4 16. Ng5 Rdf8 17. Rde1 Qe7 18. Nh3 Rfg8 19. Nhf4 Qd6 20. g3 Ne7 21. Kb1 Ng6 22. Qf3 Nxf4 23. Nxf4 Rh6 24. Rc1 Kb8 25. Rhd1 Rc8 26. Qe3 hxg3 27. hxg3 Rh2 28. Rh1 Rch8 29. Rxh2 Rxh2 30. Qf3 Nf6 1/2-1/2

[Event "Prague op-A 13th"]
[Site "Prague"]
[Date "2014.01.10"]
[Round "1"]
[White "Blechzin, Igor"]
[Black "Porschberg, Thomas"]
[Result "1-0"]
[WhiteElo "2390"]
[BlackElo "2005"]
[PlyCount "47"]
[EventDate "2014.01.10"]
[EventType "swiss"]
[EventRounds "9"]
[EventCountry "CZE"]
[SourceTitle "CBM 158 Extra"]
[Source "ChessBase"]
[SourceDate "2014.02.28"]
[SourceVersion "1"]
[SourceVersionDate "2014.02.28"]
[SourceQuality "1"]

1. c4 c5 2. Nf3 g6 3. d4 cxd4 4. Nxd4 Nc6 5. g3 Bg7 6. Nc2 Nf6 7. Bg2 0-0 8. Nc3 d6 9. 0-0 Nd7 10. Bg5 h6 11. Bd2 Nc5 12. Qc1 Kh7 13. Nd5 Ne6 14. Bc3 Ned4 15. Nxd4 Nxd4 16. Qd2 Ne6 17. Bxg7 Kxg7 18. b4 Bd7 19. e4 Rc8 20. Rac1 b5 21. cxb5 Rxc1 22. Rxc1 Bxb5 23. f4 Re8 24. f5 1-0

[Event "Cesky Krumlov op 4th"]
[Site "Cesky Krumlov"]
[Date "2010.11.24"]
[Round "4"]
[White "Porschberg, Thomas"]
[Black "Vales, Vaclav"]
[Result "0-1"]
[WhiteElo "2005"]
[BlackElo "2193"]
[PlyCount "70"]
[EventDate "2010.11.21"]
[EventType "swiss"]
[EventRounds "9"]
[EventCountry "CZE"]
[SourceTitle "CBM 139 Extra"]
[Source "ChessBase"]
[SourceDate "2011.01.05"]
[SourceVersion "1"]
[SourceVersionDate "2011.01.05"]
[SourceQuality "1"]

1. e4 c5 2. Nc3 Nc6 3. g3 g6 4. Bg2 Bg7 5. d3 e6 6. f4 d6 7. Nf3 Nge7 8. 0-0 0-0 9. Be3 Nd4 10. e5 dxe5 11. Nxe5 Rb8 12. Ne4 Nd5 13. Bf2 f6 14. Nc4 b6 15. c3 Nf5 16. a4 Ba6 17. Re1 Nh6 18. Bh3 Nc7 19. Qc2 Nf7 20. Rad1 Bb7 21. Be3 f5 22. Nf2 Qd5 23. Bc1 Rbd8 24. Ne3 Qd7 25. Bg2 Bxg2 26. Kxg2 e5 27. Nc4 Rfe8 28. Nxe5 Bxe5 29. fxe5 Qd5+ 30. Kh3 Ne6 31. Re2 h6 32. d4 Nfg5+ 33. Bxg5 Nxg5+ 34. Kh4 Qg2 35. Rh1 Nf3# 0-1

[Event "Cesky Krumlov op 4th"]
[Site "Cesky Krumlov"]
[Date "2010.11.21"]
[Round "1"]
[White "Baraniuk, Andrej"]
[Black "Porschberg, Thomas"]
[Result "0-1"]
[WhiteElo "1630"]
[BlackElo "2005"]
[PlyCount "104"]
[EventDate "2010.11.21"]
[EventType "swiss"]
[EventRounds "9"]
[EventCountry "CZE"]
[SourceTitle "CBM 139 Extra"]
[Source "ChessBase"]
[SourceDate "2011.01.05"]
[SourceVersion "1"]
[SourceVersionDate "2011.01.05"]
[SourceQuality "1"]

1. d4 Nf6 2. Nf3 c5 3. e3 e6 4. c4 b6 5. dxc5 Bxc5 6. g3 Bb7 7. Bg2 0-0 8. 0-0 d5 9. Qe2 dxc4 10. Rd1 Qe7 11. Qxc4 Nc6 12. Nc3 Rfd8 13. Bd2 Rac8 14. Be1 Nb4 15. Rxd8+ Rxd8 16. Na4 Bd5 17. Qe2 Bd6 18. a3 Nc6 19. Nc3 Ne5 20. Nxd5 Nxd5 21. Rc1 Qd7 22. Qa6 Nxf3+ 23. Bxf3 Be5 24. b3 g6 25. Be2 Qe7 26. Rc8 Rxc8 27. Qxc8+ Kg7 28. Qc1 Qf6 29. a4 Bc3 30. Bxc3 Qxc3 31. Qxc3+ Nxc3 32. Kf1 Kf6 33. Bd3 Ke5 34. f3 h6 35. Ke1 g5 36. Kd2 Nd5 37. h3 Kd6 38. e4 Nb4 39. Bb1 Kc5 40. Kc3 e5 41. Bd3 Nc6 42. Bc4 f6 43. Bd5 Nd4 44. b4+ Kd6 45. f4 Ne2+ 46. Kc4 gxf4 47. gxf4 Nxf4 48. h4 Nxd5 49. exd5 f5 50. h5 f4 51. a5 bxa5 52. bxa5 a6 0-1

[Event "Liberec op"]
[Site "Liberec"]
[Date "2006.11.16"]
[Round "7"]
[White "Rattinger, Thomas"]
[Black "Porschberg, Thomas"]
[Result "1/2-1/2"]
[WhiteElo "2110"]
[BlackElo "1980"]
[PlyCount "51"]
[EventDate "2006.11.11"]
[EventType "swiss"]
[EventRounds "9"]
[EventCountry "CZE"]
[SourceTitle "CBM 115 Extra"]
[Source "ChessBase"]
[SourceDate "2007.01.10"]
[SourceVersion "1"]
[SourceVersionDate "2007.01.10"]
[SourceQuality "1"]

1. e4 c5 2. Nc3 Nc6 3. g3 g6 4. Bg2 Bg7 5. d3 d6 6. f4 e6 7. Nf3 Nge7 8. 0-0 0-0 9. Be3 Nd4 10. e5 Nef5 11. Bf2 Nxf3+ 12. Qxf3 Nd4 13. Qd1 dxe5 14. fxe5 Bxe5 15. Ne4 f5 16. Nxc5 Qd6 17. b4 f4 18. Ne4 Qc7 19. gxf4 Rxf4 20. c3 Nf5 21. d4 Bg7 22. Bg3 Rxf1+ 23. Qxf1 Nxg3 24. hxg3 Bd7 25. Nf6+ Kh8 26. Nxd7 1/2-1/2

[Event "Liberec op"]
[Site "Liberec"]
[Date "2006.11.15"]
[Round "6"]
[White "Porschberg, Thomas"]
[Black "Cakl, Zdenek"]
[Result "1/2-1/2"]
[WhiteElo "1980"]
[BlackElo "2106"]
[PlyCount "41"]
[EventDate "2006.11.11"]
[EventType "swiss"]
[EventRounds "9"]
[EventCountry "CZE"]
[SourceTitle "CBM 115 Extra"]
[Source "ChessBase"]
[SourceDate "2007.01.10"]
[SourceVersion "1"]
[SourceVersionDate "2007.01.10"]
[SourceQuality "1"]

1. e4 c5 2. Nc3 Nc6 3. g3 g6 4. Bg2 Bg7 5. d3 e6 6. Be3 d6 7. Qd2 Rb8 8. f4 Nge7 9. Nf3 0-0 10. 0-0 b6 11. Rab1 d5 12. Bf2 d4 13. Ne2 Bb7 14. g4 f5 15. gxf5 exf5 16. e5 Bh6 17. Bh4 Qd7 18. c4 Nd8 19. Qe1 Ne6 20. Qg3 Rf7 21. a3 1/2-1/2

[Event "Liberec op"]
[Site "Liberec"]
[Date "2006.11.14"]
[Round "4"]
[White "Porschberg, Thomas"]
[Black "Vales, Vaclav"]
[Result "0-1"]
[WhiteElo "1980"]
[BlackElo "2170"]
[PlyCount "58"]
[EventDate "2006.11.11"]
[EventType "swiss"]
[EventRounds "9"]
[EventCountry "CZE"]
[SourceTitle "CBM 115 Extra"]
[Source "ChessBase"]
[SourceDate "2007.01.10"]
[SourceVersion "1"]
[SourceVersionDate "2007.01.10"]
[SourceQuality "1"]

1. e4 c5 2. Nc3 Nc6 3. g3 g6 4. Bg2 Bg7 5. d3 e6 6. Be3 d6 7. Qd2 Rb8 8. f4 Nge7 9. Nf3 Nd4 10. Nd1 0-0 11. c3 Nxf3+ 12. Bxf3 Qc7 13. 0-0 Rd8 14. Bf2 Bd7 15. Ne3 Bc6 16. Qe2 b5 17. Rab1 Qb7 18. Rfe1 Rd7 19. g4 f5 20. Ng2 Rf8 21. Bg3 Kh8 22. Rf1 c4 23. Rfe1 e5 24. Rbd1 cxd3 25. Qe3 fxe4 26. Bxe4 d5 27. Bxd3 d4 28. Qd2 dxc3 29. bxc3 e4 0-1

[Event "Hoeckendorf op"]
[Site "Hoeckendorf"]
[Date "2004.01.31"]
[Round "2"]
[White "Kurbel, Horst Peter"]
[Black "Porschberg, Thomas"]
[Result "0-1"]
[WhiteElo "1886"]
[BlackElo "1989"]
[PlyCount "172"]
[EventDate "2004.01.30"]
[EventType "swiss"]
[EventRounds "9"]
[EventCountry "GER"]
[SourceTitle "EXT 2008"]
[Source "ChessBase"]
[SourceDate "2007.11.25"]
[SourceVersion "1"]
[SourceVersionDate "2007.11.25"]
[SourceQuality "1"]

1. d4 Nf6 2. c4 c5 3. d5 b5 4. a4 b4 5. b3 g6 6. Nd2 Bg7 7. Bb2 d6 8. Qc2 0-0 9. e4 e6 10. f3 exd5 11. cxd5 Re8 12. 0-0-0 c4 13. Nxc4 Ba6 14. Kb1 Bxc4 15. Bxc4 Nbd7 16. Bb5 Rc8 17. Qd2 Re7 18. Ne2 Nc5 19. Ka2 a6 20. Bc4 Nxa4 21. Ba1 Nc5 22. Nd4 Qa5+ 23. Kb1 Nfd7 24. Qa2 Qxa2+ 25. Kxa2 Ne5 26. Rhe1 Nxc4 27. bxc4 b3+ 28. Nxb3 Nxb3 29. Bxg7 Kxg7 30. Kxb3 Rb7+ 31. Kc3 Rbc7 32. Rd4 Rb8 33. Ra1 Rb6 34. Rd2 Rcb7 35. Rda2 Ra7 36. Rb2 Rxb2 37. Kxb2 Kf6 38. f4 Ke7 39. e5 h6 40. Kc3 g5 41. exd6+ Kxd6 42. fxg5 hxg5 43. Kd4 a5 44. c5+ Kd7 45. Rb1 a4 46. c6+ Kd6 47. Rf1 a3 48. Kc3 Kxd5 49. c7 Rxc7+ 50. Kb3 Ra7 51. Ka2 Ke5 52. g4 f6 53. Rf5+ Ke6 54. Rf3 Ra6 55. Rf5 Ra4 56. Rf2 Rxg4 57. Kxa3 Rc4 58. Kb3 Rc8 59. Re2+ Kf5 60. Rf2+ Kg6 61. Rg2 f5 62. h4 g4 63. Rf2 Kh5 64. Rxf5+ Kxh4 65. Rf7 g3 66. Rh7+ Kg4 67. Rg7+ Kf3 68. Rf7+ Kg2 69. Rf6 Rc1 70. Kb2 Rf1 71. Rg6 Rf3 72. Kc2 Kf1 73. Rd6 Rf2+ 74. Kc1 Kg1 75. Kd1 Kf1 76. Re6 Kg2 77. Rg6 Kh2 78. Rh6+ Kg2 79. Ke1 Rf7 80. Rg6 Re7+ 81. Kd2 Kh2 82. Rh6+ Kg1 83. Rg6 g2 84. Rg5 Rh7 85. Ke2 Kh2 86. Kf2 Rf7+ 0-1